The Impact of Artificial Intelligence on Branding

Rozbor ako AI technológie, ako sú chatboty a odporúčacie systémy, prispievajú k zlepšeniu interakcie medzi značkami a spotrebiteľmi. Skúmanie potenciálnych nevýhod AI, ako je nedostatok kreativity a etické otázky, spojené s jej používaním. Príspevok tiež zdôrazňuje, že aj napriek výhodám existujú zn...

Description complète

Enregistré dans:
Détails bibliographiques
Auteur principal: Bocánová, Slávka, 1999-
Autres auteurs: Weiss, Erik, 1979-
Format: Chapitre de livre
Langue:slovaque
Sujets:
Tags: Ajouter un tag
Pas de tags, Soyez le premier à ajouter un tag!

MARC

LEADER 00000naa$a2200000$$$4500
001 0305272
005 20241127103245.9
041 0 |a slo 
044 |a SK 
245 1 0 |a The Impact of Artificial Intelligence on Branding  |c Slávka Bocánová, Erik Weiss 
520 |a Rozbor ako AI technológie, ako sú chatboty a odporúčacie systémy, prispievajú k zlepšeniu interakcie medzi značkami a spotrebiteľmi. Skúmanie potenciálnych nevýhod AI, ako je nedostatok kreativity a etické otázky, spojené s jej používaním. Príspevok tiež zdôrazňuje, že aj napriek výhodám existujú značky, ktoré sa rozhodujú pre tradičné prístupy, aby zachovali autenticitu a osobný kontakt so zákazníkmi. 
610 2 0 |a inteligencia umelá 
610 2 0 |a značky 
610 2 0 |a stratégia marketingová 
610 2 0 |a vplyvy na prácu 
610 2 0 |a prostredie virtuálne 
610 2 0 |a efektívnosť 
100 1 |a Bocánová, Slávka, 1999- 
700 1 |a Weiss, Erik, 1979-